000 00373nam a2200145Ia 4500
008 240624s9999 xx 000 0 und d
041 _aeng
082 _a658 KIN
100 _aKINICKI ANGELO
245 _aMANAGEMENT A PRACTICAL INTRODUCTION
250 _a(2nd ed.)
260 _c2006
_aBoston
_bMcGraw-Hill/Irwin
300 _axxx, : 552 : p. : cm. ; 27
365 _c
_b20
999 _c16120
_d16120